000 00739nam a22002177a 4500
005 20160531124758.0
010 _aENG-115138
020 _a9789385288845
_c450.00
035 _aEN-98670
037 _bDBAD/PUB
082 _a591.5
100 _aBraitman, Laurel
245 _aAnimal madness :
_bhow anxious dogs, compulsive parrots and elephants in recovery helps us understand ourselves /
_cby Laurel Braitman
260 _aNew Delhi
_bSpeaking Tiger
_c2016
270 _a4381/4 Ansari Road, Daryaganj,
_bNew Delhi
_e110002
300 _a373p.
_c23cm(pbk)
500 _aIncludes bibliographical references and index
650 _aAnimal behavior.
650 _aAnimal psychology.
942 _2ddc
_cEN
_mBRA
_h591.5
999 _c100055
_d100055